| 000 | 00558pam a2200169 a 4500 | ||
|---|---|---|---|
| 020 | _a0408022442 : | ||
| 082 | 0 | 0 |
_a620.1123 _bFUL _cL-21,P-80 |
| 245 | 0 | 0 |
_aFull-scale fatigue testing of components and structures / _cedited by K.J. Marsh. |
| 260 |
_aLondon ; _aBoston : _bButterworths, _c1988. |
||
| 300 |
_axiii, 331 p. : _bill. _c24 cm. |
||
| 526 |
_a0 _b0 _c0 _d620_112300000000000_FUL |
||
| 650 | 0 |
_aMaterials _xFatigue _xTesting. _941182 |
|
| 650 | 0 |
_aMCE _9379 |
|
| 650 | 0 |
_aStructural stability. _941183 |
|
| 700 | 1 |
_aMarsh, K. J. _941184 |
|
| 942 |
_2ddc _cBK |
||
| 999 |
_c545359 _d545359 |
||